000 00334 a2200109 4500
001 ART_11309
005 20260410161856.0
008 260409a
245 1 0 _aEl liberalismo, el imperio de la ley y el estado de derecho
100 1 _aTagle, Manuel
773 0 _tRevista de Economía
_g- Nº 31 (dic. 1981)
_wREV11077
999 _c25452
_d25452